| 000 | 00586nam a2200205Ia 4500 | ||
|---|---|---|---|
| 001 | 4189 | ||
| 003 | GE_BSU | ||
| 008 | 181216s||||||||xx |||||||||||||| ||und|| | ||
| 040 | _cGE_BSU | ||
| 080 | _a699(035.3) | ||
| 100 | _aЖуравлев,Б. А. | ||
| 245 | _aСправочник мастера-сантехника. | ||
| 250 | _aизд. 4-е, перераб. и доп. | ||
| 260 | _aМ. | ||
| 260 | _bСтройиздат. | ||
| 260 | _c1974. | ||
| 300 | _a479 стр. 21 см.с илл. | ||
| 653 | _aСправочник мастера-сантехника. | ||
| 942 | _cBK | ||
| 999 |
_c38199 _d38199 |
||